| 000 | 00498nam a22001817a 4500 | ||
|---|---|---|---|
| 005 | 20240702104745.0 | ||
| 008 | 240702b |||||||| |||| 00| 0 eng d | ||
| 020 | _a9788131211304 | ||
| 082 |
_a615 _bNAY-G |
||
| 100 | _aNayak Narayan H | ||
| 245 |
_aGuidelines to Practice of Emergency Medicine / _cNayak Narayan H |
||
| 250 | _a2nd ed. | ||
| 260 |
_aindia : _bElsevier : _c2008 |
||
| 300 |
_a409p. _bill ; _c24 cm. |
||
| 500 | _aInclude index . | ||
| 650 | _aMedical / Medicine | ||
| 999 |
_c36010 _d36010 |
||